Propuesta de reordenamiento ambiental con integración paisajística para fines de turismo científico Tora Surf en lugar Llanos Sabana Grande, refugio de vida silvestre Chacocente, departamento de Carazo
Desarrollo de una propuesta preliminar para el ordenamiento ambiental con integración paisajista y turismo científico, se presenta una caracterización general del territorio también se realiza diagnóstico de la situación actual y valoración del potencial paisajístico del mismo.
| Main Authors: | , |
|---|---|
| Other Authors: | |
| Format: | Tesis Section = Libro |
| Language: | Undetermined Spanish |
| Published: |
Managua
UNI
2013
|
| Subjects: |
| LEADER | 01241nam a2200241Ia 4500 | ||
|---|---|---|---|
| 008 | 240830s9999 xx 000 0 und d | ||
| 040 | |a BIBLIOTECA-RUSB/ T.Mon 333.72 E77 | ||
| 041 | |a spa | ||
| 082 | |a T.Mon 333.72 E77 | ||
| 100 | 1 | |a Espinoza Vitoria, Nercy Jessenia | |
| 100 | 1 | |b Ruiz Gallardo, Gabriel | |
| 245 | 1 | 0 | |a Propuesta de reordenamiento ambiental con integración paisajística para fines de turismo científico Tora Surf en lugar Llanos Sabana Grande, refugio de vida silvestre Chacocente, departamento de Carazo |
| 260 | |a Managua |b UNI |c 2013 | ||
| 300 | |a 124 p. :il. | ||
| 502 | |a Tesis (Arquitecto) - UNI, 2013. | ||
| 520 | 3 | |a Desarrollo de una propuesta preliminar para el ordenamiento ambiental con integración paisajista y turismo científico, se presenta una caracterización general del territorio también se realiza diagnóstico de la situación actual y valoración del potencial paisajístico del mismo. | |
| 650 | 7 | |a RECURSOS NATURALES - MEDIO AMBIENTE | |
| 650 | 7 | |b ORDENAMIENTO AMBIENTAL - TERRITORIAL | |
| 650 | 7 | |c DESARROLLO SOSTENIBLE - DESARROLLO TURÍSTICO CIENTIFICO - MEDIO AMBIENTE | |
| 700 | 1 | |a Tutor: |b Gómez Ortega, Graciela Dionides | |
| 942 | |c BK |2 ddc | ||
| 991 | |a TESIS | ||
| 999 | |c 21714 | ||